000 004980000a22001690004500
003 MACL
005 20160206122847.0
008 160206b xxu||||| |||| 00| 0 eng d
040 _aMACL
_cMACL
041 _aHindi
082 _a294
100 _aगोयन्‍दका जयदयाल
_937076
245 _aमनुष्‍य जीवनकीसफलता
260 _bगीताप्रेस
_aगोरखपूर
650 _aReligion
_937077
942 _cHIN
_k294
_2ddc
999 _c25817
_d25817